I tu, per què no? aprèn a navegar per Internet aprèn a navegar per Internet
Descripción Física:
1 ventall : col. ; 24 cm
Materias:
Ventalls
MARC
| LEADER | 00000nrm a2200000Ia 4500 | ||
|---|---|---|---|
| 001 | 20597 | ||
| 008 | 160829s2008 xx 000 0 cat d | ||
| 080 | |a NBM-1-14 | ||
| 245 | |a I tu, per què no? |h [Ventall] : |b aprèn a navegar per Internet | ||
| 260 | |a Barcelona : |b Diputació de Barcelona. Àrea de Benestar Social, |c 2008 | ||
| 300 | |a 1 ventall : |b col. ; |c 24 cm | ||
| 655 | 0 | |9 52933 |a Ventalls | |
| 710 | 1 | |a Barcelona (Catalunya : Província). |b Àrea de Benestar Social |9 52988 | |
| 901 | |a Arxiu | ||
| 942 | |n 1 |2 udc | ||
| 952 | |0 0 |1 0 |4 0 |6 NBM114 |7 1 |9 48455 |a Arxiu |b Arxiu |d 2016-12-01 |l 0 |o NBM-1-14 |p 20597 |r 2016-12-01 00:00:00 |w 2016-12-01 |y ARXIU | ||
| 999 | |c 52284 |d 52284 | ||